ILLUSTRATED PRACTICAL MANUAL OF SURFACE AND RADIOLOGICAL ANATOMY (Record no. 14183)

MARC details
000 -LEADER
fixed length control field 00290nam a22001217a 4500
003 - CONTROL NUMBER IDENTIFIER
control field SGT
082 ## - DEWEY DECIMAL CLASSIFICATION NUMBER
Classification number 616.0757
Item number I17T
100 ## - MAIN ENTRY--PERSONAL NAME
Personal name TULI,ANITA
245 ## - TITLE STATEMENT
Title ILLUSTRATED PRACTICAL MANUAL OF SURFACE AND RADIOLOGICAL ANATOMY
260 ## - PUBLICATION, DISTRIBUTION, ETC. (IMPRINT)
Place of publication, distribution, etc INDIA
Name of publisher, distributor, etc JAYPEE
Year of Publication 2017
300 ## - PAGE DESCRIPTION
No. of Pages 243
942 ## - ADDED ENTRY ELEMENTS (KOHA)
Source of classification or shelving scheme Dewey Decimal Classification
Koha item type Books
Holdings
Withdrawn status Lost status Source of classification or shelving scheme Damaged status Not for loan Collection code Home library Current library Shelving location Date acquired Vendor Name SGTU Total Checkouts Full call number Accession No. (Barcode) Date last seen Bill Date Koha item type
    Dewey Decimal Classification     MEDICAL SGT Medical Library SGT Medical Library Text Book 23/12/2017 ABC DELHI SGTU   616.0757 I17T FM9086 23/12/2017 23/12/2017 Books